Poemas de un joven
Wedi'i Gadw mewn:
| Prif Awdur: | |
|---|---|
| Awduron Eraill: | |
| Fformat: | Anhysbys |
| Iaith: | Spanish |
| Cyhoeddwyd: |
Managua, Nicaragua
Nueva Nicaragua
1983
|
| Rhifyn: | 2. edición |
| Cyfres: | Colección Biblioteca Popular Sandinista
número 17 |
| Pynciau: | |
| Tagiau: |
Ychwanegu Tag
Dim Tagiau, Byddwch y cyntaf i dagio'r cofnod hwn!
|
MARC
| LEADER | 000000000a22000000004500 | ||
|---|---|---|---|
| 001 | 000890 | ||
| 008 | 140430s1983 ni |||f |||| 000 p spa d | ||
| 041 | 0 | |a español | |
| 082 | |a N861.4 P283p2 | ||
| 100 | 1 | |a Pasos, Joaquín | |
| 245 | 1 | 0 | |a Poemas de un joven |c Joaquín Pasos |
| 250 | |a 2. edición | ||
| 260 | |a Managua, Nicaragua |b Nueva Nicaragua |c 1983 | ||
| 300 | |a 175 páginas | ||
| 490 | 0 | |a Colección Biblioteca Popular Sandinista |v número 17 | |
| 650 | 4 | |a LITERATURA NICARAGUENSE |v POESIA | |
| 700 | 1 | 2 | |a Cardenal, Ernesto |j introducción |
| 942 | |2 ddc |c BK | ||
| 999 | |c 1663 |d 1663 | ||
